La Evaluación de programas sociales aspectos conceptuales y prácticos /

Spremljeno u:
Bibliografski detalji
Glavni autor: González Tiburcio, Enrique
Format: Tekst
Teme:
Oznake: Dodaj oznaku
Bez oznaka, Budi prvi tko označuje ovaj zapis!

MARC

LEADER 00000 a a2200000 04500
001 5327
003
040
100 |a González Tiburcio, Enrique  
245 |a La Evaluación de programas sociales aspectos conceptuales y prácticos /  |c Enrique González Tiburcio 
650 |a EVALUACION DE PROGRAMAS  
650 |a REFORMA SOCIAL  
650 |a ADMINISTRACION  
773 |g número 303; páginas 22-27  
999 |c 35919  |d 35919